When stone melts and other stories / (Record no. 133285)

MARC details
000 -LEADER
fixed length control field 00854nam a22002417a 4500
005 - DATE AND TIME OF LATEST TRANSACTION
control field 20170124110207.0
010 ## - LIBRARY OF CONGRESS CONTROL NUMBER
LC control number B-130337
020 ## - INTERNATIONAL STANDARD BOOK NUMBER
Terms of availability 00.00
International Standard Book Number 8126011386
035 ## - SYSTEM CONTROL NUMBER
System control number B-130337
037 ## - SOURCE OF ACQUISITION
Source of stock number/acquisition Cen Lib/Ret
040 ## - CATALOGING SOURCE
Original cataloging agency DPL
Language of cataloging EN
082 ## - DEWEY DECIMAL CLASSIFICATION NUMBER
Classification number S
Item number LAN
100 ## - MAIN ENTRY--PERSONAL NAME
Personal name Lankesh, P.
9 (RLIN) 37468
245 ## - TITLE STATEMENT
Title When stone melts and other stories /
Statement of responsibility, etc by P. Lankesh; edited by Vanamala Viswanatha
260 ## - PUBLICATION, DISTRIBUTION, ETC. (IMPRINT)
Place of publication, distribution, etc New Delhi
Name of publisher, distributor, etc Sahitya Akademi
Date of publication, distribution, etc 2004
270 ## - ADDRESS
City New Delhi
Address Rabindra Bhawan, 35, Ferozshah Road
Postal code 110001
300 ## - PHYSICAL DESCRIPTION
Extent xxi,178p.
Dimensions 20cm(Hb)
500 ## - GENERAL NOTE
General note Includes index
650 ## - SUBJECT ADDED ENTRY--TOPICAL TERM
Topical term or geographic name as entry element Short stories, Kannada -- Translations into English
9 (RLIN) 37469
650 ## - SUBJECT ADDED ENTRY--TOPICAL TERM
Topical term or geographic name as entry element Short stories, Kannada
9 (RLIN) 37470
700 ## - ADDED ENTRY--PERSONAL NAME
Personal name Viswanatha, Vanamala
9 (RLIN) 37471
942 ## - ADDED ENTRY ELEMENTS (KOHA)
Source of classification or shelving scheme Dewey Decimal Classification
Koha item type English Books
Classification part S
Call number suffix LAN
Holdings
Withdrawn status Lost status Damaged status Not for loan Home library Current library Date acquired Source of acquisition Cost, normal purchase price Total Checkouts Full call number Barcode Date last seen Copy number Cost, replacement price Price effective from Koha item type Source of classification or shelving scheme Collection code Public note
        Central Library Central Library 25/07/2015 Cen Lib/Ret 0.00   S LAN B-130337 25/07/2015 1 0.00 25/07/2015 English Books      
        Sarojini Nagar Sarojini Nagar 08/02/2019       S LAN EN-057691 08/02/2019     08/02/2019 English Books Dewey Decimal Classification Fiction  
        Sarojini Nagar Sarojini Nagar 15/02/2019       S LAN B-088299 15/02/2019     15/02/2019 English Books Dewey Decimal Classification Non-fiction Withdrawn List Prepared L.No.21/6
        Yojana Vihar Yojana Vihar 10/10/2019 BPPD/PUB 75.00   S LAN b-130356 10/10/2019   75.00 10/10/2019 English Books Dewey Decimal Classification Fiction  

© Delhi Public Library
Hit Counter
free hit counter